Szczegóły MARC21

Strategia konkurencji : metody analizy sektorów i konkurentów /

003 -Nazwa inst., której nr kontr. jest w polu 001 [,]
    • @
    • Nazwa instytucji, której n kontrolny jest w polu 001
    • NUKAT
005 -DATA I CZAS OSTATNIEJ MODYFIKACJI [,]
    • @
    • pole kontrolne
    • 20241231114421.0
020 -Międzynarod. znormalizowany nr książki - ISBN [ , ]
    • a
    • Numer ISBN
    • 8320811899 Find
040 -Instytucja sporządzająca opis [ , ]
    • a
    • Instytucja, która sporządziła opis (NP)
    • KR U/46AT
    • c
    • Instytucja, która sporządziła rekord (NP)
    • KR U/46AT
    • d
    • Instytucja, która zmodyfikowała rekord (P)
    • KR U/46AT
    • d
    • Instytucja, która zmodyfikowała rekord (P)
    • KR 7/DDs
    • d
    • Instytucja, która zmodyfikowała rekord (P)
    • WR U/PAdjm
    • d
    • Instytucja, która zmodyfikowała rekord (P)
    • KAT 001/KCs
041 -Język dokumentu [1, ]
    • a
    • Język tekstu (P)
    • polski
    • h
    • Język tekstu oryginalnego i/lub pośredniego (P)
    • angielski
942 -Rodzaj dokumentu [ , ]
    • c
    • Rodzaj dokumentu
    • Książka
100 -Hasło główne - nazwa osobowa [1, ]
    • a
    • Nazwa osobowa (NP)
    • Porter, Michael E.
    • d
    • Daty biograficzne (NP)
    • (1947- ).
    • 9
    • KHW
    • 41361
240 -Tytuł ujednolicony [1,0]
    • a
    • Tytuł ujednolicony
    • Competitive strategy
    • l
    • Język tekstu
    • (pol.)
    • 9
    • KHW
    • 76908
245 -Strefa tytułu i oznaczenia odpowiedzialności [1,0]
    • a
    • Tytuł
    • Strategia konkurencji : Find
    • b
    • Ciąg dalszy tytułu (NP)
    • metody analizy sektorów i konkurentów / Find
    • c
    • Pozostałe elementy strefy tytułu i oznaczenia odpowiedzialności (NP)
    • Michael E. Porter ; przekł. Andrzej Ehrlich.
260 -Strefa adresu wydawniczego [ , ]
    • a
    • Miejsce wydania (P)
    • Warszawa :
    • b
    • Nazwa wydawcy (P)
    • Polskie Wydawnictwo Ekonomiczne,
    • c
    • Data wydania (P)
    • cop. 1999.
300 -Strefa opisu fizycznego [ , ]
    • a
    • Określenie formy książki i/lub objętość (NP)
    • 373, [3] s. :
    • b
    • Oznaczenie ilustracji (NP)
    • il. ;
    • c
    • Format (NP)
    • 21 cm.
336 -Typ zawartości [ , ]
    • a
    • Termin opisujący typ zawartości
    • Tekst
    • b
    • Kod określający zawartość
    • txt
    • 2
    • Źródło (terminu i kodu)
    • rdacontent
337 -Typ mediów [ , ]
    • a
    • Tryb odtwarzania
    • Bez urządzenia pośredniczącego
    • b
    • Kod typu mediów
    • n
    • 2
    • Źródło (terminu i kodu)
    • rdamedia
338 -Typ/rodzaj nośnika [ , ]
    • a
    • Hasło opisujące typ nośnika
    • Wolumin
    • b
    • Kod typu nośnika
    • nc
    • 2
    • Źródło (terminu i kodu)
    • rdacarrier
504 -Uwaga dot. bibliogr. załącznikowej [ , ]
    • a
    • Uwaga dot. bibliografii załącznikowej
    • Bibliogr. s. 368-370. Indeks.
080 -Uniwersalna Klasyfikacja Dziesiętna [ , ]
    • a
    • Symbol klasyfikacji
    • 339.137.2
080 -Uniwersalna Klasyfikacja Dziesiętna [ , ]
    • a
    • Symbol klasyfikacji
    • :659.113.23
650 -Hasło przedmiotowe [ ,7]
    • a
    • Hasło przedmiotowe
    • Konkurencja.
    • 2
    • Źródło terminu
    • kaba
    • 9
    • KHW
    • 115062
650 -Hasło przedmiotowe [ ,7]
    • a
    • Hasło przedmiotowe
    • Planowanie strategiczne.
    • 2
    • Źródło terminu
    • kaba
    • 9
    • KHW
    • 124110
650 -Hasło przedmiotowe [ ,7]
    • a
    • Hasło przedmiotowe
    • Gospodarka rynkowa.
    • 2
    • Źródło terminu
    • kaba
    • 9
    • KHW
    • 110206
980 -Symbol UKD [ , ]
    • a
    • UKD
    • 339.137.2:659.113.23
700 -Hasło dodatkowe - nazwa osobowa [1, ]
    • a
    • Nazwa osobowa (NP)
    • Ehrlich, Andrzej. Find
    • e
    • Określenie rodzaju współpracy
    • Tł.
    • 9
    • KHW
    • 7406
710 -Hasło dodatkowe - nazwa ciała zbiorowego [2, ]
    • a
    • Nazwa ciała zbiorowego lub nazwa geograficzna jako pierwszy element (NP)
    • Polskie Wydawnictwo Ekonomiczne.
    • 4
    • Kod relacji
    • pbl
    • 9
    • KHW
    • 50784
920 -ISBN [ , ]
    • a
    • ISBN
    • 83-208-1189-9 Find
Status udost. Numer inwentarzowy Sygnatura Data inwentaryzacji Lokalizacja
-2E.66378 1999-12-08BE
2S.84582 1999-12-08BE
-6S.84583 1999-12-08BE
-6S.85113 2000-01-17BE
-6S.85114 2000-01-17BE
2S.85348 2000-02-23BE
2S.85349 2000-02-23BE
2S.85350 2000-02-23BE
2S.85351 2000-02-23BE
2S.85352 2000-02-23BE
2S.85353 2000-02-23BE
2S.85354 2000-02-23BE
-3S.85355 2000-02-23BE
-6S.85356 2000-02-23BE
-6S.85357 2000-02-23BE
-3T.1447 1999-12-08T
-3T.1448 1999-12-08T
-3T.1449 1999-12-08T
-3T.1450 1999-12-08T
-3T.1451 1999-12-08T
-3T.4315 2001-03-09T
-3T.4316 2001-03-09T
-3T.4317 2001-03-09T
-3T.5021 2001-03-29T
-6T.5022 2001-03-29T
-3TM.11902TM.119022014-12-04T